Bài tập và lời giải cơ học

Trình bày bài tập và lời giải những bài toán cơ học trong các trường đại học Hoa Kì

সংরক্ষণ করুন:
গ্রন্থ-পঞ্জীর বিবরন
প্রধান লেখক: Yung Kuo Lim
সংস্থা লেখক: Trường đại học Khoa học và Công nghệ Trung Hoa
অন্যান্য লেখক: Đặng Lê Minh (dịch), Nguyễn Ngọc Đỉnh (dịch), Đặng Văn Sử (dịch)
বিন্যাস: গ্রন্থ
ভাষা:Vietnamese
প্রকাশিত: H. Giáo dục 2010
বিষয়গুলি:
ট্যাগগুলো: ট্যাগ যুক্ত করুন
কোনো ট্যাগ নেই, প্রথমজন হিসাবে ট্যাগ করুন!
Thư viện lưu trữ: Mạng thư viện Đại học Đà Nẵng
LEADER 01776aam a22004458a 4500
001 000016493
003 12895
005 20121107151106.0
008 121107s2010 viesd
020 |c 128000  |d 1000b 
041 1 |a vie 
082 1 4 |2 14  |a 531.076  |b Bai 
100 1 |a Yung Kuo Lim 
245 1 0 |a Bài tập và lời giải cơ học  |c B.s.: Yung Kuo Lim (ch.b.), trường đại học Khoa học và Công nghệ Trung Hoa ; Đặng Lê Minh dịch... 
246 |a Problems and Solutions on Mechanics 
260 |a H.  |b Giáo dục  |c 2010 
300 |a 722tr.  |b hình vẽ  |c 24cm 
500 |a Bài tập và lời giải của các Trường Đại học nổi tiếng Hoa Kỳ 
520 |a Trình bày bài tập và lời giải những bài toán cơ học trong các trường đại học Hoa Kì 
534 |a Problems and solutions on solid state physics, relativity and miscellaneous topics 
650 7 |2 Bộ TK TVQG 
650 7 |2 Bộ TK TVQG  |a cơ học 
650 7 |2 Bộ TK TVQG 
650 7 |2 Bộ TK TVQG 
650 7 |2 Bộ TK TVQG 
653 |a bài tập và lời giải 
700 1 |a Đặng Lê Minh  |e dịch 
700 1 |a Nguyễn Ngọc Đỉnh  |e dịch 
700 1 |a Đặng Văn Sử  |e dịch 
710 2 |a Trường đại học Khoa học và Công nghệ Trung Hoa 
OWN |a LSP 
AVA |a UDN50  |b LSP  |d 531.076 Bai  |e check_holdings  |t Error 5003 Not defined in file expand_doc_bib_avail.  |h N  |k 1 
999 |a From the UDN01 
AVA |a UDN50  |b LSP  |d 531.076 Bai  |e available  |t Error 5001 Not defined in file expand_doc_bib_avail.  |f 20  |g 0  |h N  |i 5  |k 1 
TYP |a Monograph 
TYP |a Printed language 
980 |a Mạng thư viện Đại học Đà Nẵng